| 000 | 00366nam a2200145Ia 4500 | ||
|---|---|---|---|
| 008 | 230917s9999||||xx |||||||||||||| ||und|| | ||
| 040 |
_e109625 _aMAIN |
||
| 041 | _aEnglish | ||
| 082 | _a613.7 K128P | ||
| 100 | _aKamlesh, M L | ||
| 245 | 0 | _aPrinciples: and history of physical education | |
| 260 |
_aNew Delhi _bFriends _c2004 |
||
| 300 | _a183p p. | ||
| 942 | _cBK | ||
| 999 |
_c149167 _d149167 |
||